Регионална библиотека "Любен Каравелов" - Русе

Ние с Коко (Запис номер 346697)

MARC детайли
000 -Лидер
Контролно поле с фиксирана дължина 01323nam a2200265 a 4500
003 - Код на организацията, давaща контролен номер
Контролно поле BLK
005 - Дата и час на последна редакция
Контролно поле 20250121141734.0
008 - Елементи от данни с фиксирана дължина
fixed length control field 191121b bu ||||| |||| 00| 0 bu d
020 ## - Международен стандартен номер на книга ISBN
Международен стандартен номер на книга ISBN 9786191641024
040 ## - Източник на каталожния запис
Идентификатор на билиотеката - собственик на записа BLK
041 ## - Код за език
Код за езика на текст/звукозапис или на отделно заглавие Български
Код за езика КДБФ Български
080 ## - УДК
Текстов определител УДК Българска литература
УДК код - определител по УДК 821.163.2
УДК определител -312.6
УДК - код + определител 821.163.2-312.6
080 ## - УДК
Текстов определител УДК Драматични театри. Театри за драма и комедия. Вж и 82-2
УДК код - определител по УДК 792.2
УДК определител .071.1(497.2)(092)(0:82-31)
УДК - код + определител 792.2.071.1(497.2)(092)(0:82-31)
080 ## - УДК
Текстов определител УДК Български театрален режисьор
УДК код - определител по УДК 929 Азарян, Крикор Степан
УДК - код + определител 929 Азарян, Крикор Степан
100 ## - Редна дума - Автор
Автор Радинска, Валентина Димитрова
R(LIN) 252438
139 ## - Редно поле
Редна дума Радинска, Валентина Димитрова
Авторски знак Ради - Р 14
245 ## - Сведения за заглавието
Заглавие Ние с Коко
Подзаглавни данни Крикор Азарян отблизо : док. роман
Редно поле (дума) Валентина Радинска
250 ## - Област на изданието
Сведения за изданието 2. доп. изд.
260 ## - Област на издателските данни
9 (RLIN) 215899
Място на издаване, разпространение и проч. София
Име на издателя, разпространителя и проч. Enthusiast
Година на издаване 2011
Печатница ([София] : Хеликс прес)
Издателство - префикс ISBN 978-619-164- ; 978-954-2958- ; 978-954-8657-
300 ## - Физическа характеристика
Страници 344 с. : с ил.
Размери/Мащаб 21 см
380 ## - Жанр
Жанр Худож. лит.
500 ## - Общи забележки
Забележка 1. изд. 2011
999 ## - СИСТЕМНИ КОНТРОЛНИ НОМЕРА
Koha biblionumber 346697
Koha biblioitemnumber 346697
942 ## - АРТИКУЛИ
Източник на класификационната схема Universal Decimal Classification
Вид на библиотечния материал Книги
Скрит в OPAC Не
Периодичен библиозапис Да
Koha issues (borrowed), all copies 22
944 ## - СЪЗДАВАНЕ И РЕДАКЦИЯ на ЗАПИСА
Служител, извършил регистрацията/редакцията 30576
Статус, дата на статуса Цветомила Тодорова
Наличности
Код за отписване Код за изгубен артикул Източник на класификационната схема Код за повреда Коз за рестрикции Код за отдаване Артикулен № Име на библиотеката - собственик Име на библиотеката, в която се намира в момента Статус (Текущо местоположение) Дата на вписване в системата Местоположение - отдел Цена в лева Систематично азбучна сигнатура Баркод Цена в евро Служебен тип на артикула
  Не е изгубен Universal Decimal Classification Не е повреден без рестрикции заемане за дома 751359 Регионална библиотека "Любен Каравелов" Русе Регионална библиотека "Любен Каравелов" Русе Заемна - подръчен фонд 2019-12-09 Заемна - подръчен фонд 11.68 П 886.7-9/Р 14 120000839598 5.97 Книги
  Не е изгубен Universal Decimal Classification Не е повреден само за читалня ползва се в читалня 907140 Регионална библиотека "Любен Каравелов" Русе Регионална библиотека "Любен Каравелов" Русе Хранилище 2022-10-10 Основен фонд - ползва се само за читалня 16.00 Цб 314854 120000878317 8.18 Книги
Vip Innovations Ltd, Rousse, Bulgaria 2025